Welcome to CU Library Online Public Access Catalogue (OPAC)

The masterpiece marriage: (Record no. 4326)

MARC details
000 -LEADER
fixed length control field 00328nam a22001337a 4500
005 - DATE AND TIME OF LATEST TRANSACTION
control field 20250225135822.0
008 - FIXED-LENGTH DATA ELEMENTS--GENERAL INFORMATION
fixed length control field 250224b |||||||| |||| 00| 0 eng d
050 ## - LIBRARY OF CONGRESS CALL NUMBER
Classification number 9780830731206
Item number 1
100 ## - MAIN ENTRY--PERSONAL NAME
Personal name SMALLEY, Gary
245 ## - TITLE STATEMENT
Title The masterpiece marriage:
260 ## - PUBLICATION, DISTRIBUTION, ETC.
Place of publication, distribution, etc. USA
Name of publisher, distributor, etc. GOSPEL LIGHT
Date of publication, distribution, etc. 2003c
300 ## - PHYSICAL DESCRIPTION
Extent 70p
942 ## - ADDED ENTRY ELEMENTS (KOHA)
Source of classification or shelving scheme Library of Congress Classification
Koha item type Books
Suppress in OPAC No
999 ## -
-- 4326
-- 4326
Holdings
Withdrawn status Lost status Source of classification or shelving scheme Damaged status Not for loan Collection Home library Current library Shelving location Date acquired Total checkouts Full call number Barcode Date last seen Copy number Price effective from Koha item type
    Library of Congress Classification     Non-fiction Graduate Library (Christ Temple) Graduate Library (Christ Temple) General stacks 02/25/2025   HQ 536 SMA GSCT00000578 02/25/2025 1 02/25/2025 Books
© 2023-2024 Copyright: Central University Libraries. All Rights Reserved | Created by: Mahone Tech Office